Match The Drummer With The Band-Click Chain! - Statistics

General Stats
  • This quiz has been taken 86 times
  • The average score is 18 of 40
Answer Stats
Hint Answer % Correct
Mick Fleetwood... Fleetwood Mac
91%
Lars Ulrich... Metallica
89%
Alex Van Halen... Van Halen
89%
Dave Grohl... Nirvana
83%
Tommy Lee... Motley Crue
80%
John Bonham... Led Zeppelin
72%
Keith Moon... The Who
70%
Roger Taylor... Queen
67%
Neil Peart... Rush
67%
Don Henley... Eagles
65%
Taylor Hawkins... Foo Fighters
65%
Tre Cool... Green Day
63%
Peter Criss... KISS
63%
Ian Paice... Deep Purple
57%
Jeff Lynne... Electric Light Orchestra
57%
Steven Adler... Guns And Roses
52%
Dennis Wilson... The Beach Boys
52%
Phil Rudd... AC/DC
50%
Joey Kramer Aerosmith
50%
Frank Beard... ZZ Top
48%
Nick Mason... Pink Floyd
44%
Bill Ward... Black Sabbath
43%
Larry Mullen Jr.... U2
43%
Nicko McBrain... Iron Maiden
41%
Rick Allen... Def Leppard
39%
Vinnie Paul... Pantera
39%
Artimus Pyle... Lynyrd Skynyrd
28%
Bill Berry... R.E.M.
26%
Bobby Dall... Poison
24%
Topper Headon... The Clash
24%
Dave Abruzzese... Pearl Jam
19%
Steven Smith... Journey
17%
Stan Lynch... _____And The Heartbreakers
15%
Frankie Banali... Quiet Riot
15%
Tommy Aldridge... Whitesnake
15%
Terry Williams... Dire Straits
13%
Mick Avory... The Kinks
11%
Jimmy DeGrasso... Y&T
11%
John Bonham... Creedence Clearwater Revival
9%
Tony Chapman... The Rolling Stones
6%
No matching quizzes found
Score Distribution
Percent of People with Each Score
Percentile by Number Answered
Your Score History
You have not taken this quiz